| 000 | 00630nam a2200205Ii 4500 | ||
|---|---|---|---|
| 003 | JO-AjNU | ||
| 008 | 230606s9999||||xx |||||||||||||| ||und|| | ||
| 020 | _a978-0-06-196831-0 | ||
| 040 |
_aJO-AjNU _beng _erda _cJO-AjNU |
||
| 041 | _aeng | ||
| 050 | 1 | 4 | _aPR6101.H47.B66 2011 |
| 100 | 3 |
_aAhern, Cecelia, _eauthor _92467 |
|
| 245 | 0 | 4 | _aThe Book Of Tomorrow |
| 264 | 3 | 1 | _aNew York: HARPER An Imprint Of Harpercollins Publishers, 2009 |
| 300 | _a320P | ||
| 336 |
_atext _btxt _2rdacontent |
||
| 337 |
_aunmediated _bn _2rdamedia |
||
| 338 |
_avolume _bnc _2rdacarrier |
||
| 650 | 4 |
_aThe Book Of Tomorrow - English Language _92468 |
|
| 999 |
_aE1292 _c1292 _d1292 |
||